000 01042nam a22002417a 4500
008 210105b ||||| |||| 00| 0 eng d
020 _a0198145314
050 _a PA3405.S8
_bH8 1917
100 _aHomer
240 _aWorks. 1912
245 _aHomeri Opera.
_brecognoverunt brevique adnotatione critica instrvxit
_cThomas W. Allen
260 _aOxonii,
_aOxford:
_be typographeo Clarendoniano
_bOxford University Press
_c1917
300 _a2 vols.
440 _a Scriptorum classicorum bibliotheca Oxoniensis
440 _aOxford Classical Texts
500 _a Binders title.
500 _a 500 Vols. 3-5 edited by Thomas W. Allen
505 _a505 0 Contents.--t. I-II. Ilias. 3rd ed. 1920.--t. III.-IV. Odyssea. 2nd ed. 1917-1919.--t. V. Hymni. Cyclus. Fragmenta. Margites. Batrachomyomachia. Vitae. 1912
700 _aAllen, Thomas W.
_d1862-1950
_q(Thomas William),
700 _aMonro, D. B.
_d1836-1905
_q(David Binning),
856 _a 830 0 Scriptorum classicorum bibliotheca Oxoniensis
942 _2lcc
_cBK
999 _c55776
_d55776